<?xml version="1.0" encoding="UTF-8"?>
<collection xmlns="http://www.loc.gov/MARC21/slim">
 <record>
  <leader>01101nam0a2200265   4500</leader>
  <controlfield tag="001">in00000003571</controlfield>
  <controlfield tag="005">20230113144222.8</controlfield>
  <datafield tag="010" ind1=" " ind2=" ">
   <subfield code="a">978-7-5442-7809-6</subfield>
   <subfield code="b">精装</subfield>
   <subfield code="d">CNY35.00</subfield>
  </datafield>
  <datafield tag="035" ind1=" " ind2=" ">
   <subfield code="a">007475513</subfield>
  </datafield>
  <datafield tag="100" ind1=" " ind2=" ">
   <subfield code="a">20151101d2015    em y0chiy50      ea</subfield>
  </datafield>
  <datafield tag="101" ind1="1" ind2=" ">
   <subfield code="a">chi</subfield>
   <subfield code="c">eng</subfield>
  </datafield>
  <datafield tag="102" ind1=" " ind2=" ">
   <subfield code="a">CN</subfield>
   <subfield code="b">460000</subfield>
  </datafield>
  <datafield tag="105" ind1=" " ind2=" ">
   <subfield code="a">a   z   000yy</subfield>
  </datafield>
  <datafield tag="106" ind1=" " ind2=" ">
   <subfield code="a">r</subfield>
  </datafield>
  <datafield tag="200" ind1="1" ind2=" ">
   <subfield code="a">一分钟经理人</subfield>
   <subfield code="9">yi fen zhong jing li ren</subfield>
   <subfield code="d">The new one minute manager</subfield>
   <subfield code="f">(美)肯·布兰佳(Ken Blanchard)，(美)斯宾塞·约翰逊(Spencer Johnson)著</subfield>
   <subfield code="g">周晶译</subfield>
   <subfield code="z">eng</subfield>
  </datafield>
  <datafield tag="210" ind1=" " ind2=" ">
   <subfield code="a">海口</subfield>
   <subfield code="c">南海出版公司</subfield>
   <subfield code="d">2015</subfield>
  </datafield>
  <datafield tag="215" ind1=" " ind2=" ">
   <subfield code="a">95页</subfield>
   <subfield code="c">图</subfield>
   <subfield code="d">22cm</subfield>
  </datafield>
  <datafield tag="330" ind1=" " ind2=" ">
   <subfield code="a">本书包括一分钟管理法的3个诀窍、一分钟管理法为什么有效、你在为谁工作三部分内容。</subfield>
  </datafield>
  <datafield tag="510" ind1="1" ind2=" ">
   <subfield code="a">New one minute manager</subfield>
   <subfield code="z">eng</subfield>
  </datafield>
  <datafield tag="606" ind1="0" ind2=" ">
   <subfield code="a">企业管理</subfield>
   <subfield code="j">通俗读物</subfield>
  </datafield>
  <datafield tag="690" ind1=" " ind2=" ">
   <subfield code="a">F270-49</subfield>
   <subfield code="v">5</subfield>
  </datafield>
  <datafield tag="701" ind1=" " ind2="0">
   <subfield code="c">(美)</subfield>
   <subfield code="a">布兰佳</subfield>
   <subfield code="9">bu lan jia</subfield>
   <subfield code="c">(Blanchard, Ken)</subfield>
   <subfield code="4">著</subfield>
  </datafield>
  <datafield tag="701" ind1=" " ind2="0">
   <subfield code="c">(美)</subfield>
   <subfield code="a">约翰逊</subfield>
   <subfield code="9">yue han xun</subfield>
   <subfield code="c">(Johnson, Spencer)</subfield>
   <subfield code="4">著</subfield>
  </datafield>
  <datafield tag="702" ind1=" " ind2="0">
   <subfield code="a">周晶</subfield>
   <subfield code="9">zhou jing</subfield>
   <subfield code="4">译</subfield>
  </datafield>
  <datafield tag="999" ind1="f" ind2="f">
   <subfield code="s">1700d730-9c6c-4948-aa45-31597547d40d</subfield>
   <subfield code="i">9e4e46a8-a1cf-400c-9c7e-b584d946fe9e</subfield>
  </datafield>
 </record>
</collection>
